00409nam a2200145Ia 4500008004100000041000900041082001500050100001700065245002200082260003400104300000800138650000800146999001700154952009200171230718s9999 xx 000 0 und d aEng. a954bBOS-M aBose, Sugata 0aModeem South Asia aPakistanbSange meel Rubc204 a259 aLaw c30712d30712 00104070aSIRC-LbSIRC-Ld2023-07-18l0o954 BOS-Mp25663r2023-07-18w2023-07-18yBK